New Girl Trivia - Statistics

General Stats
  • This quiz has been taken 227 times
  • The average score is 18 of 35
Answer Stats
Question Answer % Correct
Who says, “I’m not a successful adult. I don’t eat vegetables and/or take care of myself”? Nick
91%
Where are Nick & Winston from? Chicago
87%
What is the name of Winston's cat? Ferguson
83%
What celebrity helped Jess tell Nick she loves him? Prince
83%
What's the most amount of money Schmidt put in the jar? $50
81%
What is Winston’s job by the end of the series? Police Officer
81%
Who claimed to be “busting out of my cocoon, like a majestic butterfly of love”? Schmidt
81%
How many condoms did Jess buy for her one night stand on Valentine's Day? 100
80%
What’s the name of the game the loft invented? True American
78%
What character does Nick take on in Jess' adult writing class? Julius Pepperwood
69%
What does Nick always do when trying to avoid adult conversations? Moonwalk
67%
What is the name of Cece & Schmidt's daughter? Ruth
63%
What’s the name of Winston’s fiancée and eventual wife? Aly
60%
What kind of doctor is Sam (Jess’s ex)? Pediatrician
59%
What is the name of Schmidt’s college girlfriend? Elizabeth
57%
What’s Nick’s bestselling novel called? The Pepperwood Chronicles
56%
What is Cece’s modeling agency called? Cece's Boys
55%
Where does Schmidt work? Associated Strategies
52%
What is Coach’s real first name? Ernie
51%
What’s the name of Winston’s prank persona? Prank Sinatra
49%
Who officiates Cece and Schmidt’s wedding? Jess
47%
Who is the loft's landlord? Remy
46%
What dating app does Schmidt coach Jess on using? Dice
44%
Who did Cece initially call off her wedding with? Shivrang
44%
What did Nick have in his pocket the first night him and Jess kissed that he kept with him? a coin
42%
What holiday does the gang create when Thanksgiving goes wrong? Bangsgiving
42%
What is the name of Schmidt's college friend turned enemy? Benjamin
38%
What is the name of the bar Nick & Schmidt co-own? The Griffin
37%
What slogan did Nick's bar crawl group say? The Crawl Is For All
36%
What was the name of the 'husband; Jess created to buy a new car? Jeff Day
35%
What is Jess' middle name? Christopher
16%
What school does Jess first become vice principal at? Coolidge
11%
What is Schmidt’s mother’s name? Louise
10%
What was Schmidt’s bar mitzvah theme? Sports Jams
4%
What made Coach move out after episode 1? New girlfriend
3%
No matching quizzes found
Score Distribution
Percent of People with Each Score
Percentile by Number Answered
Your Score History
You have not taken this quiz